000 01351nam2a2200265 4500
001 RU\NLR\BIBL_A\011320389
005 20260406155610.0
010 _a978-5-8243-2058-9
_bт. 23
_9700
021 _aRU
_b2016-102996
_96866
035 _a(NLR Aleph) 011320389
090 _a11074519
_c11074519
100 _a20170203d2016 k y0rusy50 ca
101 0 _arus
102 _aRU
105 _ay z 001zd
200 1 _aМатериалы об имущественном положении декабристов
_f[сост.: О.В. Эдельман]
_gпод ред. д.ист.н. С.В. Мироненко
210 _d2016
215 _a775 с.
320 _aУказ. имен: с. 749-767
320 _aГеогр. указ.: с. 768-774
461 0 _1001RU\NLR\bibl\254370
_12001#$aВосстание декабристов$eДок.$f[Рос. акад. наук, Ин-т рос. истории, Федерал. арх. служба России, Гос. арх. Рос. Федерации]$vТ. 23
_91459497
_cМ.
_d2001
_f[Рос. акад. наук, Ин-т рос. истории, Федерал. арх. служба России, Гос. арх. Рос. Федерации]
_nРОССПЭН
_oДок.
_tВосстание декабристов
_vТ. 23
942 _cBOOK
980 _aNB